| 000 | nam a22 7a 4500 | ||
|---|---|---|---|
| 999 |
_c129503 _d129503 |
||
| 008 | 190430b xxu||||| |||| 00| 0 eng d | ||
| 050 | _aBV210.2.B65 | ||
| 100 |
_aBloom, Anthony _912069 |
||
| 245 |
_aLiving prayer _c/ by Anthony Bloom |
||
| 260 |
_aIllinois: _bTemplegate Publishers, _c1996. |
||
| 300 |
_aviii, 125p. ; _c23cm. |
||
| 650 |
_aPrayer _946091 |
||
| 942 |
_2lcc _cMONOGRAPH |
||